| 000 | nam a22 a 4500 | ||
|---|---|---|---|
| 999 |
_c447633 _d447633 |
||
| 003 | BLK | ||
| 005 | 20220308143540.0 | ||
| 008 | 220308b bul|||||r ||||||| ||bul|| | ||
| 040 | _aBLK | ||
| 041 |
_aBUL _cBUL |
||
| 080 |
_aКраезнание _b908 _x(497.21-37)(062) _z908(497.21-37)(062) |
||
| 139 | _bД 66 | ||
| 245 | 1 | 0 |
_aДобре дошли в община Иваново _h[Малотир. изд.] |
| 257 | _aBGR | ||
| 260 |
_aб. м. _bб. и. _cб. г. |
||
| 300 |
_a3 л. _bсъс сн. _c21х29 см |
||
| 380 | _a9 | ||
| 500 | _aИстория, забележителности, туризъм. | ||
| 651 | 7 |
_9178930 _aИваново |
|
| 653 | 7 |
_aобщини _9192625 |
|
| 653 | 7 |
_aСеверна България _9196329 |
|
| 653 | 7 |
_aзабележителности _9186725 |
|
| 852 |
_bК _cК 908/Д 66 |
||
| 942 |
_cKNG _n0 _s1 |
||
| 944 |
_aCR _c2022-03-08 _kКети |
||